00730nam a2200229Ia 450000500170000000800410001702000220005804100080008008200150008810000240010324500390012725000120016626000320017830000090021050000290021965000360024870000240028490600100030894200070031899900170032595201580034220251122094935.0230125s9999 xx 000 0 und d a978-81-309-1468-8 aeng a158.1bPRE aPreston D L9215318 a365 Ways to Be Your Own Life Coach a2nd Ed. c2010bViva BooksaNew Delhi a240p aPersonality Development  aPersonality Development9213420 aPreston D L9215318 b73.75 cBK c96664d96664 00104070aHIMRbHIMRd2021-03-12eForward Booksg295.00i11379l0o158.1 PRE B21452pHIMR-BK-21452r2023-01-25 00:00:00v221.25w2021-03-12yBKzB21452